000 00476nam a22001577a 4500
005 20180821145004.0
020 _a8170004225
_c750.00
035 _aB-220024, B-220031
037 _aDPL
_bENG
100 _aSingh, Ajay Pratap
245 _aLibrary without walls /
_cby Ajay Pratap Singh and T.A.V. Murthy
260 _aNew Delhi
_bEss Ess Publications
_c2005
300 _a357p.
_c22 cms.
700 _aMurthy, T.A.V.
_944818
942 _2ddc
_cEN
_h026.004
_mAJA
999 _c64736
_d64736